Central Library OPAC University of Rajshahi

Some aspects of social casework in a medical setting : (Record no. 49845)

MARC details
000 -LEADER
fixed length control field 00845nam a2200253 4500
001 - CONTROL NUMBER
control field 49845
003 - CONTROL NUMBER IDENTIFIER
rucl marc code BD-RjUL
005 - DATE AND TIME OF LATEST TRANSACTION
control field 20211209054734.0
008 - FIXED-LENGTH DATA ELEMENTS--GENERAL INFORMATION
fixed length control field 160822r19641940ilu b 000 0 eng
035 ## - SYSTEM CONTROL NUMBER
System control number (BD-RjUL)49965
040 ## - CATALOGING SOURCE
Original cataloging agency DLC
Transcribing agency CarP
Modifying agency BD-RjUL
Language of cataloging eng
041 ## - LANGUAGE CODE
Language code of text/sound track or separate title eng
082 ## - DEWEY DECIMAL CLASSIFICATION NUMBER
Edition number 23
Classification number 361.1
Author mark and year COS 1964
110 2# - MAIN ENTRY--CORPORATE NAME
Subordinate unit Committee on functions
9 (RLIN) 149390
245 10 - TITLE STATEMENT
Title Some aspects of social casework in a medical setting :
Remainder of title a study in the field of medical social work /
260 ## - PUBLICATION, DISTRIBUTION, ETC. (IMPRINT)
Place of publication, distribution, etc. Chicago, Ill. :
Name of publisher, distributor, etc. George Banta publishing company,
Date of publication, distribution, etc. 1940 [reprinting 1964]
300 ## - PHYSICAL DESCRIPTION
Pagination xiii, 270 p. ;
Size 24 cm.
504 ## - BIBLIOGRAPHY, ETC. NOTE
Bibliography, etc Includes biblography
650 #0 - SUBJECT ADDED ENTRY--TOPICAL TERM
Topical term or geographic name as entry element Medical social work.
9 (RLIN) 149391
Topical term or geographic name as entry element Hospitals.
9 (RLIN) 149392
Topical term or geographic name as entry element Social case work.
9 (RLIN) 149393
700 1# - ADDED ENTRY--PERSONAL NAME
Personal name Bartlett, Harriett M.
Fuller form of name (Harriett Moulton)
942 ## - ADDED ENTRY ELEMENTS (KOHA)
Source of classification or shelving scheme Dewey Decimal Classification
Koha item type Books
Holdings
Lost status Source of classification or shelving scheme Damaged status Not for loan Collection code Permanent Location Current Location Shelving location Date acquired Source of acquisition Cost, normal purchase price Total Checkouts Full call number Date last seen Copy number Koha item type
  Dewey Decimal Classification     Non-fiction Central Library, University of Rajshahi Central Library, University of Rajshahi   27/04/1965 Zeithlinger 18.00   361.1 COS 1964 22/08/2016 C-2 Books